000 00357 a2200157 4500
001 68436
020 _a9781108810852
040 _cAnchieta - Pituba
100 _aMedwell, Claire
240 1 0 _aCambridge global english
_leng
245 1 0 _aCambridge global english
300 _a160
362 0 _a2020
650 4 _aInglês e inglês antigo
942 _cBK
999 _c68436
_d68436